Řízení jakosti a ochrana spotřebitele

Na minha lista:
Detalhes bibliográficos
Formato: Livro
Idioma:inglês
Publicado em: Praha Grada 2002
Edição:1. vyd.
Colecção:Manažer
Assuntos:
Acesso em linha:View in OPAC
Tags: Adicionar Tag
Sem tags, seja o primeiro a adicionar uma tag!

MARC

LEADER 00000nam a2200000 a 4500
005 20260127134055.0
008 061113 000 0 eng d
020 |a 8024701944 
035 |a vtls008877862 
039 9 |y 200611131031  |z mschk03 
040 |a STUSCHK1  |b slo  |c STUSCHK1  |e AACR2 
080 |a 366.5 
080 |a (437.3) 
080 |a (075) 
080 |a 658.56.01 
080 |a 346.548 
245 1 |a Řízení jakosti a ochrana spotřebitele  |c Jaromír Veber a kol. 
250 |a 1. vyd. 
260 |a Praha  |b Grada  |c 2002 
300 |a 163 s.: il. ; 23 cm 
490 0 |a Manažer 
500 |a Obsahuje bibliografii a rejstřík 
650 0 |a ochrana spotřebitele  |x Česko  |z učebnice 
650 0 |a managemant jakosti  |x Česko 
910 |a SCHK95 
919 |a 80-247-0194-4 
999 |c 3461  |d 3461 
942 0 0 |0 1